| 000 | 00770nam a22002417a 4500 | ||
|---|---|---|---|
| 003 | OSt | ||
| 005 | 20131204154326.0 | ||
| 008 | 131009r19731975xxu||||| |||| 00| 0 eng d | ||
| 010 | _a73-80079 | ||
| 020 | _a0-300-01707-3 | ||
| 040 |
_cCentre de Documentació Montserrat Roig _bcat |
||
| 100 | 1 |
_94030 _aMelody, William |
|
| 245 | 1 | 0 |
_aChildren's Television _b: the economics of exploitation _cWilliam Melody |
| 260 |
_c1975 _bYale University Press _aNew Haven, _aLondon |
||
| 300 | _a164 p. | ||
| 490 | 0 |
_aA Yale Fastback. _aCommunication _v12 |
|
| 500 | _aReimp: 1975 | ||
| 650 | 0 | 4 |
_92508 _aTelevisió i infants |
| 650 | 0 | 4 |
_94168 _aIndústria de la televisió |
| 650 | 0 | 4 |
_93730 _aPolítica de la televisió |
| 654 |
_92508 _aTelevisió i infants |
||
| 942 |
_2udc _cMON |
||
| 999 |
_c6631 _d6631 |
||